Every 1000 Yard Rusher Of The 2020's - Statistics

General Stats
  • This quiz has been taken 256 times
    124 since last reset
  • The average score is 56 of 60
Answer Stats
Yards Team Player % Correct
2027 Titans Derrick Henry
100%
1538 Titans Derrick Henry
100%
1167 Titans Derrick Henry
100%
1921 Ravens Derrick Henry
100%
1169 Colts Jonathan Taylor
98%
1811 Colts Jonathan Taylor
98%
1431 Colts Jonathan Taylor
98%
1065 Raiders Josh Jacobs
98%
1653 Raiders Josh Jacobs
98%
1329 Packers Josh Jacobs
98%
1312 Giants Saquon Barkley
98%
2005 Eagles Saquon Barkley
98%
1139 Panthers/49ers Christian McCaffrey
97%
1459 49ers Christian McCaffrey
97%
1557 Vikings Dalvin Cook
97%
1159 Vikings Dalvin Cook
97%
1173 Vikings Dalvin Cook
97%
1066 Lions Jamaal Williams
97%
1144 Bills James Cook
97%
1009 Bills James Cook
97%
1144 Rams Kyren Williams
97%
1299 Rams Kyren Williams
97%
1070 Bears David Montgomery
96%
1015 Lions David Montgomery
96%
1200 Steelers Najee Harris
96%
1034 Steelers Najee Harris
96%
1035 Steelers Najee Harris
96%
1043 Steelers Najee Harris
96%
1067 Browns Nick Chubb
96%
1259 Browns Nick Chubb
96%
1525 Browns Nick Chubb
96%
1412 Lions Jahmyr Gibbs
95%
1205 Bengals Joe Mixon
95%
1034 Bengals Joe Mixon
95%
1016 Texans Joe Mixon
95%
1104 Packers Aaron Jones
94%
1121 Packers Aaron Jones
94%
1138 Vikings Aaron Jones
94%
1456 Falcons Bijan Robinson
94%
1070 Jaguars James Robinson
94%
1002 Cowboys Ezekiel Elliott
93%
1007 Cowboys Tony Pollard
93%
1005 Cowboys Tony Pollard
93%
1079 Titans Tony Pollard
93%
1040 Cardinals James Conner
92%
1094 Cardinals James Conner
92%
1125 Jaguars Travis Etienne
91%
1008 Jaguars Travis Etienne
91%
1195 Panthers Chuba Hubbard
90%
1005 *Ravens Lamar Jackson
89%
1012 Dolphins Raheem Mostert
89%
1040 Patriots Rhamondre Stevenson
88%
1122 Buccaneers Bucky Irving
86%
1050 Seahawks Kenneth Walker
86%
1049 Eagles D'Andre Swift
84%
1143 *Bears Justin Fields
79%
1269 Eagles Miles Sanders
77%
1079 Cowboys Rico Dowdle
77%
1035 Falcons Tyler Allgeier
60%
1037 Commanders Antonio Gibson
52%
No matching quizzes found
Score Distribution
Percent of People with Each Score
Percentile by Number Answered
Your Score History
You have not taken this quiz since the last reset